000 00253 a2200097 4500
001 46826
100 _aKourvetaris G
245 _aWorld perspectives in the sociology of the military
260 _aNew York
_bTransaction books
_c
090 _c29916
_d29916
942 _aNUST-CAE
_cM
_c22131
999 _c281899
_d281899